01837cam a2200409 a 4500001001400000003000800014005001700022006001900039007001500058008004100073020003800114040003000152049002600182050002800208082001700236100002700253245010400280250001200384260003500396300004500431490001500476500011800491504005100609520032800660521001700988588004701005650004601052650002301098655002901121700008101150710001601231776003501247830001601282856009401298942001601392999001901408EDZ0000067581StDuBDS20161031105118.0m||||||||d||||||||cr |||||||||||120405s2003 enka fo| 001|0|eng d a9781446216521 (ebook) :cNo price aStDuBDSbengcStDuBDSepn aAlfaisal Main Library 0aLB1139.5.A78bM384 200304a372.50492231 aMatthews, John,d1945-10aDrawing and paintingh[electronic resource] :bchildren and visual representation /cJohn Matthews. a2nd ed. aLondon :bPaul Chapman,c2003. a1 online resource (xiii, 225 p.) :bill.1 a0-8 series aPrevious ed.: published as Helping children to draw & paint in early childhood. London: Hodder & Stoughton, 1994. aIncludes bibliographical references and index.8 aThe traditional approach to early childhood education describes a child's development in terms of supposed deficits. The child progresses from a primitive early stage to superior ones later. John Matthews presents a revision of his previous book on children and visual representation that reflects recent research findings. aSpecialized. aDescription based on print version record. 0aArtxStudy and teaching (Early childhood) 0aChild development. 7aElectronic books.2local1 aMatthews, John,d1945-tHelping children to draw & paint in early childhood.2 aSage eBooks08iPrint version :z9780761947868 0a0-8 series.40uhttp://ezproxy.alfaisal.edu/login?url=http://sk.sagepub.com/books/drawing-and-painting-2e 2lcccEBOOKS c479553d479553